000
00195 a2200097 4500
001
9604
100
_a
Clark, H
245
_a
Wonders of Cre
260
_a
_b
Pacific Press
_c
090
_c
7644
_d
7644
942
_a
NUST-CAE
_c
M
_c
34316
999
_c
244677
_d
244677